| 000 | 00823cam a22002658i 4500 | ||
|---|---|---|---|
| 003 | IMU CC | ||
| 005 | 20260223100131.0 | ||
| 007 | cr_||||||||||| | ||
| 008 | 190403s2019 nyu ob 001 0 eng | ||
| 020 | _a9781981522026 | ||
| 040 |
_aIMU CC _beng _erda |
||
| 041 | 0 | _aeng | |
| 082 | 0 | 0 |
_223 _a005.74 _bNOR |
| 100 |
_aNorman, Alan T. _94425 |
||
| 245 | 0 | 0 |
_aBlockchain technology explained / _cAlan T Norman |
| 260 |
_aDunstable: _bCreate Space, _c2017. |
||
| 300 |
_a125 p.; _c23 cm. |
||
| 336 |
_atext _btxt _2rdacontent |
||
| 650 | 0 |
_aBlockchains (Databases) _xIndustrial applications. _94426 |
|
| 650 | 0 |
_aBlockchains (Databases) _xEconomic aspects. _94427 |
|
| 650 | 0 |
_aReal estate business _xData processing. _94428 |
|
| 650 | 0 |
_aPublic administration _xData processing. _94429 |
|
| 856 | _yBK | ||
| 942 |
_cBK _2ddc |
||
| 999 |
_c10335 _d10335 |
||